000 00935nam a22002897a 4500
003 DO-SdBNP
005 20221108123957.0
008 171117b2000 sp ||00| 0 spa d
020 _a8420635847
040 _aBPMSU
_bspa
_cBPMSU
082 4 _a813.4
_bT969u 2000
_222
100 1 _aTwain, Mark
_d1835-1910
240 1 0 _aA Connecticut yankee in king Arthur's court.
_lEspañol.
245 1 0 _aUn Yanqui en la corte del rey Arturo /
_cMark Twain ; traducción: Juan Fernando Merino.
260 _aMadrid :
_bAlianza Editorial,
_c2000.
300 _a430 p. ;
_c18 cm.
490 1 _aEl Libro de bolsillo
_v8030
490 1 _a Biblioteca juvenil.
490 1 _aBiblioteca temática (Alianza)., Juvenil.
518 _av
590 _6Inventariado, 2022/VM
650 4 _a Novela estadounidense
650 4 _aReyes y soberanos
_vNovela
700 1 _aMerino, Juan Fernando,
_etr.
910 _aVMateo V. /Validado
942 _2ddc
_cBK
999 _c12948
_d12948